| 000 | 00544nam a22001697a 4500 | ||
|---|---|---|---|
| 999 |
_c40962 _d40962 |
||
| 003 | OSt | ||
| 005 | 20210225124736.0 | ||
| 008 | 210224b ||||| |||| 00| 0 eng d | ||
| 020 | _a9780071074940 | ||
| 040 | _coclc | ||
| 082 |
_a510 _bSHA/D |
||
| 100 |
_98357 _aSharma, Arun |
||
| 245 |
_aData Interpretation Logical Reasoning & _bGeneral Mental Ability For General Studies Paper 2 / _cArun Sharma |
||
| 260 |
_aNew Delhi: _bMcGraw Hill Education, _c2014. |
||
| 300 | _a391p | ||
| 942 |
_2ddc _cBK _h510 _iSHA/D _k510 _mSHA/D |
||